Alle 373 Städte der DDR (1949-1990) #1 - Statistiken

Allgemein
  • Dieses Quiz wurde 52 mal gespielt
  • Das Durchschnittsergebnis liegt bei 129 aus 373
Antwortstatistiken
Hinweis Stadt % Korrekt
SN A.e Aue
85%
BB Br..d..b..g a.d. Havel Brandenburg a.d. Havel
83%
SN Br..d - E.b..d..f Brand-Erbisdorf
83%
SN Dr..d.n Dresden
83%
SN A.t..b..g Altenberg
78%
SN An..b..g - Bu..h..z Annaberg-Buchholz
78%
BB Co..b.s Cottbus
78%
BB Fr...f..t (Oder) Frankfurt (Oder)
78%
SN Ch..n..z Chemnitz
76%
SN Le..z.g Leipzig
76%
MV Pl.u am See Plau am See
76%
BB Lu.k..w...e Luckenwalde
74%
SN Zw.c..u Zwickau
74%
BB A.t Ru.p.n Alt Ruppin
72%
MV Ne.b...d..b..g Neubrandenburg
72%
BB Ne.r..p.n Neuruppin
72%
BB Po..d.m Potsdam
72%
MV Be.g.n (Rügen) Bergen (Rügen)
70%
SN Co.w.g Coswig
67%
BB Eb...w...e Eberswalde
67%
SN Me.ß.n Meißen
67%
SN Ba.t..n Bautzen
65%
SN Gö.l..z Görlitz
65%
MV Gr....w..d Greifswald
65%
BB Pl..e a.d. Havel Plaue a.d. Havel
65%
SN Pl...n Plauen
65%
MV B.d D.b.r.n Bad Doberan
63%
BB Fa.k..s.e Falkensee
63%
SN Fr..b..g Freiberg
63%
MV Sc...r.n Schwerin
63%
BB W.r.n (Müritz) Waren (Müritz)
63%
MV W.r.n Warin
63%
BB We.d.r (Havel) Werder (Havel)
63%
SN B.d Mu.k.u Bad Muskau
61%
SN B.d Sc...d.u Bad Schandau
61%
BB Be.n.u Bernau
61%
SN Ka.l - Ma.x - St..t Karl-Marx-Stadt
61%
SN R.d.b..g Radeberg
61%
SN R.d.b..g Radeburg
61%
MV Wi.t..b..g Wittenburg
61%
MV A.k..m Anklam
59%
SN Cr.m..t....u Crimmitschau
59%
BB Fi.s...w...e Finsterwalde
59%
BB Fü.s...w...e (Spree) Fürstenwalde (Spree)
59%
SN Gr.m.a Grimma
59%
MV H.g.n.w Hagenow
59%
BB K.n..s Wu.t..h..s.n Königs Wusterhausen
59%
BB Lu.k.u Luckau
59%
SN R.d.b..l Radebeul
59%
BB R.t..n.w Rathenow
59%
SN To.g.u Torgau
59%
MV Wi.m.r Wismar
59%
SN Zi.t.u Zittau
59%
BB B.d Fr..e.w...e (Oder) Bad Freienwalde (Oder)
57%
SN Ho.e..we..a Hoyerswerda
57%
BB Lü.b.n (Spreewald) Lübben (Spreewald)
57%
BB Lu.w...f...e Ludwigsfelde
57%
BB Mä.k...h Bu..h..z Märkisch Buchholz
57%
SN Pi..a Pirna
57%
MV Ro.t..k Rostock
57%
BB Sc....t (Oder) Schwedt (Oder)
57%
BB Te.t.w Teltow
57%
BB Te.p..n Templin
57%
SN Ad..f Adorf
54%
BB B.d Li.b..w...a Bad Liebenwerda
54%
BB E.s..h..t..s...t Eisenhüttenstadt
54%
BB Fa.k..b..g (Elster) Falkenberg (Elster)
54%
MV Lu.w...l..t Ludwigslust
54%
MV Ne.s...t - Gl..e Neustadt-Glewe
54%
SN No.s.n Nossen
54%
MV Pa.c..m Parchim
54%
SN B.d E.s..r Bad Elster
52%
SN D.b..n Döbeln
52%
SN Fr..k..b..g Frankenberg
52%
MV Gü.t..w Güstrow
52%
BB J.t..b.g Jüterbog
52%
SN Ne.s...t Neustadt
52%
BB Ne.s...t (Dosse) Neustadt (Dosse)
52%
BB Or.n...b..g Oranienburg
52%
MV P.s.w..k Pasewalk
52%
BB Pr...l.u Prenzlau
52%
BB Se..t..b..g Senftenberg
52%
MV Us.d.m Usedom
52%
BB Zo.s.n Zossen
52%
SN Di.p..d..wa..e Dippoldiswalde
50%
BB D.b..l.g Doberlug
50%
BB Fo..t (Lausitz) Forst (Lausitz)
50%
SN Fr..t.l Freital
50%
BB Fü.s...b..g (Havel) Fürstenberg (Havel)
50%
BB Fü.s...b..g (Oder) Fürstenberg (Oder)
50%
BB G.b.n Guben
50%
MV Ma.c..w Malchow
50%
BB Na..n Nauen
50%
SN Ne.sa..a - Sp...b .g Neusalza-Spremberg
50%
BB Sp...b..g Spremberg
50%
SN Wu.z.n Wurzen
50%
SN A.e.b..h (Vogtland) Auerbach (Vogtland)
48%
SN B.d D.b.n Bad Düben
48%
BB Be.z.g Belzig
48%
MV De.m.n Demmin
48%
SN K.m..z Kamenz
48%
MV Kr.k.w am See Krakow am See
48%
SN Ma.i..b..g Marienberg
48%
SN Ni.s.y Niesky
48%
SN Os..a.z Oschatz
48%
SN Re.c...b..h (Oberlausitz) Reichenbach (Oberlausitz)
48%
SN Re.c...b..h (Vogtland) Reichenbach (Vogtland)
48%
SN Ri..a Riesa
48%
MV Wo.g..t Wolgast
48%
BB D.b..l.g - Ki...h..n Doberlug-Kirchhain
46%
SN L.b.u Löbau
46%
MV Lü.z Lübz
46%
BB Od..b..g Oderberg
46%
SN Oe.sn..z Oelsnitz
46%
SN Oe.s...z (Erzgebirge) Oelsnitz (Erzgebirge)
46%
BB Pe.l.b..g Perleberg
46%
BB Wi.t..be..e Wittenberge
46%
BB A.g..m...e Angermünde
43%
SN B.s.....we..a Bischofswerda
43%
SN D.l..z..h Delitzsch
43%
SN Gr.ß..h..n Großenhain
43%
BB He..b..g (Elster) Herzberg (Elster)
43%
SN H.h..s...n - Er...t..l Hohenstein-Ernstthal
43%
MV Ja.m.n Jarmen
43%
MV Kü.l....b..n (Ostseebad) Kühlungsborn (Ostseebad)
43%
BB La...h..m.r Lauchhammer
43%
SN Li.b..h - Ob..f..h.a Limbach-Oberfrohna
43%
MV Ma.c..n Malchin
43%
SN Ob..w..s..t..l (Kurort) Oberwiesenthal (Kurort)
43%
SN Pu..n..z Pulsnitz
43%
MV Ri.n..z Ribnitz
43%
MV Ri.n..z - Da.g..t.n Ribnitz-Damgarten
43%
MV Sa..n..z Sassnitz
43%
MV St...s..d Stralsund
43%
MV To.g.l.w Torgelow
43%
MV U.c...mü..e Ueckermünde
43%
SN We.ß..b..g Weißenberg
43%
SN Zs...p.u Zschopau
43%
MV Ba..h Barth
41%
MV Bo.z..b..g (Elbe) Boizenburg (Elbe)
41%
SN E.l..b..g Eilenburg
41%
BB E.s...w...a Elsterwerda
41%
SN J.h...g.o.g..s...t Johanngeorgenstadt
41%
SN Ma..k...b..g Markkleeberg
41%
SN Me.r..e Meerane
41%
SN Mi..we..a Mittweida
41%
BB Pr...w..k Pritzwalk
41%
SN Sc....z..b..g (Erzgebirge) Schwarzenberg (Erzgebirge)
41%
MV A.t..t...t.w Altentreptow
39%
SN B.d La.s..k Bad Lausick
39%
SN Bo..a Borna
39%
MV Bü.z.w Bützow
39%
SN Co.d..z Colditz
39%
MV Gr.b.w Grabow
39%
BB Mü..b..g (Elbe) Mühlberg (Elbe)
39%
SN P.g.u Pegau
39%
SN St...b..g (Erzgebirge) Stollberg (Erzgebirge)
39%
BB Wu.t..h..s.n (Dosse) Wusterhausen (Dosse)
39%
SN Br..d.s Brandis
37%
SN Fa.k..s...n (Vogtland) Falkenstein (Vogtland)
37%
SN Gr.f..h..n.c..n Gräfenhainichen
37%
MV Gr..m.n Grimmen
37%
SN Li.b..h Limbach
37%
SN L.g.u (Erzgebirge) Lugau (Erzgebirge)
37%
SN Ma.k...s...t Markranstädt
37%
BB St....b..g Strausberg
37%
SN Th.m Thum
37%
SN We.d.u Werdau
37%
BB Be.l..z Beelitz
35%
SN Da.l.n Dahlen
35%
MV Gr.v..m..l.n Grevesmühlen
35%
SN Kl..g..t..l Klingenthal
35%
SN Le.s..g Leisnig
35%
MV Ne.s...l..z Neustrelitz
35%
SN R.g.s - Br..t..g.n Regis-Breitingen
35%
MV Te.s.n Tessin
35%
BB Tr.b..n Trebbin
35%
SN Zw..k.u Zwenkau
35%
SN A.g..t..b..g Augustusburg
33%
BB Da..e Dahme
33%
BB F.n.w Finow
33%
SN Fl..a Flöha
33%
SN Ha.n.c..n Hainichen
33%
BB He.n...d..f Hennigsdorf
33%
BB Ki...h..n Kirchhain
33%
SN K.n..s...n (Sächs. Schweiz) Königstein (Sächs. Schweiz)
33%
SN Lo.m..z..h Lommatzsch
33%
BB Mi.t..w...e Mittenwalde
33%
SN O.d.r.n Oederan
33%
SN O.b...h.u Olbernhau
33%
SN Ta.c.a Taucha
33%
SN Tr...n Treuen
33%
SN Wi.k.u - Ha.l.u Wilkau-Haßlau
33%
SN Eb...b..h Ebersbach
30%
SN Fr..b..g Frohburg
30%
MV Ga.z (Rügen) Garz (Rügen)
30%
SN Ha.t.a Hartha
30%
BB Li.d.w Lindow
30%
BB Mü.c..b..g Müncheberg
30%
SN Ne.g...d..f Neugersdorf
30%
SN Th..h..m (Erzgebirge) Thalheim (Erzgebirge)
30%
SN Wa.d..b..g Waldenburg
30%
BB Wr..z.n Wriezen
30%
SN B.d Go..le..a (Kurort) Bad Gottleuba (Kurort)
28%
MV B.d Sü..e Bad Sülze
28%
SN Bö.l.n Böhlen
28%
BB Bu.k.w Buckow
28%
MV Da.s.w Dassow
28%
SN E.r..f...d...d..f Ehrenfriedersdorf
28%
MV Fr...l..d Friedland
28%
SN Ge..h..n Geithain
28%
SN Ki...b..g Kirchberg
28%
SN Le.g.f..d Lengefeld
28%
SN Le.g..f..d Lengenfeld
28%
MV Ne.b.k.w Neubukow
28%
MV R.r.k (Ostseebad) Rerik (Ostseebad)
28%
BB So.n.wa..e Sonnewalde
28%
SN St..p.n Stolpen
28%
SN Tr..s.n (Mulde) Trebsen (Mulde)
28%
BB U.b.g.u Uebigau
28%
SN Zw.n..z Zwönitz
28%
BB Be..k.w Beeskow
26%
SN Do.m...s.h Dommitzsch
26%
BB Ga..z (Oder) Gartz (Oder)
26%
SN Gl..h.t.e Glashütte
26%
MV Go..b..g Goldberg
26%
SN H.h.s...n Hohnstein
26%
BB Kr..m.n Kremmen
26%
SN La..a Lauta
26%
SN La.t.r Lauter
26%
MV M.r.w Mirow
26%
SN Na..h.f Naunhof
26%
SN Os.r..z Ostritz
26%
SN Sc....d..z Schkeuditz
26%
MV St.v..h.g.n (Re.t..s...t) Stavenhagen (Reuterstadt)
26%
SN Th.r.n.t Tharandt
26%
MV Za.r..t.n Zarrentin
26%
MV Bu.g St..g..d Burg Stargard
24%
MV D.m..z Dömitz
24%
SN G.r....wa..e Geringswalde
24%
BB Gr..s.e Gransee
24%
SN Gr.d..z Gröditz
24%
SN Gr..r....d..f Großröhrsdorf
24%
BB J.a..i..t..l Joachimsthal
24%
SN Jö.s...t Jöhstadt
24%
MV Kr.p.l.n Kröpelin
24%
SN Lö.n..z Lößnitz
24%
SN Lu.z.n.u Lunzenau
24%
SN M.g..n Mügeln
24%
SN R.b.n.u Rabenau
24%
BB Rh....b..g Rheinsberg
24%
SN Ro..l..z Rochlitz
24%
SN Sc....b..g Schneeberg
24%
BB Wi..s...k (Dosse) Wittstock (Dosse)
24%
BB Al.l....b..g Altlandsberg
22%
BB D.b..n Döbern
22%
SN E.b..s...k Eibenstock
22%
BB Fe..b.l..n Fehrbellin
22%
BB Gr...f..b..g Greiffenberg
22%
BB Li.b..w...e Liebenwalde
22%
SN Ob..f..h.a Oberfrohna
22%
SN Ob..l...w..z Oberlungwitz
22%
MV R.b.l (Müritz) Röbel (Müritz)
22%
SN R.t.a Rötha
22%
SN R.t...b..g (Oberlausitz) Rothenburg (Oberlausitz)
22%
MV Sc...b..g Schönberg
22%
SN Se.n..z Sebnitz
22%
SN Se..h..n...d..f Seifhennersdorf
22%
BB St..k.w Storkow
22%
SN Wi.t.c..n.u Wittichenau
22%
BB Ze.d.n..k Zehdenick
22%
BB B.r..h (Mark) Baruth (Mark)
20%
SN Be.g..n Belgern
20%
SN Be...d..f Bernsdorf
20%
MV Da.g.n Dargun
20%
MV Fe..b..g Feldberg
20%
SN Gr..t.s.h Groitzsch
20%
SN Ko.r.n - Sa.l.s Kohren-Sahlis
20%
MV Ma.l.w Marlow
20%
BB Mü..r..e Müllrose
20%
SN M.l.u Mylau
20%
SN Pa..a (Vogtland) Pausa (Vogtland)
20%
MV St...b..g Sternberg
20%
BB We.z.w Welzow
20%
SN Wi.d..f..s Wildenfels
20%
BB B.d Wi.s...k Bad Wilsnack
17%
BB Br..k Brück
17%
SN Bu..s...t Burgstädt
17%
MV E.g.s.n Eggesin
17%
SN E.s...b..g Elsterberg
17%
SN E.s..a Elstra
17%
BB Fr..s..k Friesack
17%
MV G.d.b...h Gadebusch
17%
BB Go.ß.n Golßen
17%
SN Ha.t..s...n Hartenstein
17%
BB Ke.z.n Ketzin
17%
BB K.r..z Kyritz
17%
SN Li..t..s...n Lichtenstein
17%
BB L.c..n Lychen
17%
BB Ni.m..k Niemegk
17%
BB Pe..z Peitz
17%
BB Pr..n..z Premnitz
17%
BB Rh.n.w Rhinow
17%
SN Ro.w..n Roßwein
17%
MV Sc....n Schwaan
17%
SN St..t We.l.n Stadt Wehlen
17%
BB Tr..e.b...t..n Treuenbrietzen
17%
SN Wi..d...f Wilsdruff
17%
SN Wo.k..s...n Wolkenstein
17%
SN K.n...b...k Königsbrück
15%
BB Le.z.n Lenzen
15%
BB Sc..n.wa..e Schönewalde
15%
BB Te.p..z Teupitz
15%
BB Dr..k.u Drebkau
13%
SN Ki..s...r Kitzscher
13%
SN Ma..n..k..c..n Markneukirchen
13%
MV Pe.k.n Penkun
13%
MV Pu.b.s Putbus
13%
SN Sc...g..wa..e Schirgiswalde
13%
SN Sc..n..k (Vogtland) Schöneck (Vogtland)
13%
SN Si..m.r - Sc..n.u Siegmar-Schönau
13%
BB Ve.s...u Vetschau
13%
BB We..e.c..n Werneuchen
13%
MV W.s..b..g Wesenberg
13%
SN Be..s...t Bernstadt
11%
BB Bi.s..t..l Biesenthal
11%
MV Gü..k.w Gützkow
11%
MV La..e Laage
11%
BB L.b.s Lebus
11%
BB Li.b.r..e Lieberose
11%
MV Re..a Rehna
11%
BB St.l..s...t Stalinstadt
11%
MV St...b..g (Uckermark) Strasburg (Uckermark)
11%
MV Tr..s..s Tribsees
11%
MV Wo.d..k Woldegk
11%
BB Gr..r.s...n Großräschen
9%
MV Kl..z Klütz
9%
MV Lo..z Loitz
9%
SN Ne.c..u Nerchau
9%
BB Pu.l..z Putlitz
9%
SN Be..g...h.b.l (Kurort) Berggießhübel (Kurort)
7%
BB Br.s..w Brüssow
7%
BB Fr.y..s...n Freyenstein
7%
MV Gn...n Gnoien
7%
SN La.e.s...n Lauenstein
7%
MV Lü.t...n Lübtheen
7%
BB Me.e.b..g Meyenburg
7%
MV Pe..l.n Penzlin
7%
SN Sc...d.u (Gn..s..a.s...t) Schildau (Gneisenaustadt)
7%
BB Sc.....he..e Schwarzheide
7%
BB Wa.r..b...k Wahrenbrück
7%
SN Wi.t..n Wilthen
7%
SN B.r..s...n Bärenstein
4%
MV Fr...b..g Franzburg
4%
SN Ge.s..g Geising
4%
SN He...h.t Herrnhut
4%
MV La.s.n Lassan
4%
MV Ne.k.l.n Neukalen
4%
MV Ne.k...t.r Neukloster
4%
MV Ri..t..b..g Richtenberg
4%
BB Vi..r.d.n Vierraden
4%
MV Da..g..t.n Darmgarten
2%
SN Li..s...t Liebstadt
2%
SN Mü..tr..f Mühltroff
2%
SN Sc...b..b..g Scheibenberg
2%
SN Si.b..l..n Siebenlehn
2%
SN Zö.l..z Zöblitz
2%
BB E.O - Wo..s...t EKO-Wohnstadt
0%
BB Pr...e..e Pritzerbe
0%
SN Sa..a Sayda
0%
SN Sc...t..u Schlettau
0%
BB Sc....b.n Schlieben
0%
SN St..h.a Strehla
0%
Keine übereinstimmenden Quizze gefunden
Verteilung der Resultate
Anzahl Personen mit jedem Resultat
Perzentil nach korrekt beantworteten Fragen
Ihre Resultats-Entwicklung
Sie haben dieses Quiz noch nicht gespielt